000 00965cam a2200217 4500
001 ##D8682
008 090401t1981 xxu||||| |||| 00| 0 eng d
035 _a(Sirsi) u14581
041 0 _aeng
050 0 4 _a526.902462
100 1 _aShepherd, F. A.
245 0 0 _aAdvanced engineering surveying
_bproblems and solutions
260 _aLondon
_bEdward Arnold
_c1981
300 _aix, 276p.
_c24cm.
350 _a9.95
505 2 _aErrors and their adjustment -- Orientation -- Control measurements -- Application of spherical trigonometry to engineering surveying -- Circular curves -- Transition curves -- Vertical curves
520 _aComplements "Engineering Surveying" (see D8687). Takes a practical approach to the application of the principles of engineering surveying, with particular attention to the effects and adjustment of errors.
690 _aENVIRONMENTAL AND LAND CONSULTANCY-GEOMATICS-ENGINEERING SURVEYING
942 _n0
948 _c04/03/1997
999 _c87193
_d87193